[Event "RUS-ch51"]
[Site "St Petersburg"]
[Date "1998.08.04"]
[Round "8"]
[White "Sokolov, Andrei"]
[Black "Zvjaginsev, Vadim"]
[Result "0-1"]
[WhiteElo "2565"]
[BlackElo "2650"]
[Annotator "Lukacs,P"]
[PlyCount "61"]
[EventDate "1998.07.28"]
[EventType "swiss"]
[EventRounds "11"]
[EventCountry "RUS"]
[SourceTitle "CBM 067"]
[Source "ChessBase"]
[SourceDate "1998.11.30"]
[SourceVersion "2"]
[SourceVersionDate "1998.11.01"]
[SourceQuality "1"]

1. e4 c5 2. Nf3 d6 3. d4 cxd4 4. Nxd4 Nf6 5. Nc3 Nc6 6. Bc4 e6 7. Be3 Be7 (7...
a6 8. Qe2 Qc7 {is the other main plan finishing the development of the <<, and
waiting on the >>.}) 8. Qe2 Bd7 {/\ Rc8. At first sight this looks a bit
passive, but leads to immense complications as well.} (8... O-O {is the
theoretical path here.}) 9. O-O-O (9. Bb3 Rc8 10. f4 (10. O-O-O {transposes to
9.0-0-0}) 10... O-O 11. O-O {In the Velimirovic Attack White's main idea is
the << castles with mutual attacks. 0-0 is not a consistant move here.} Na5 12.
e5 Ne8 13. Qh5 {(Vouldis-Atalik, Karditsa 1996)} Nxb3 14. axb3 a6 15. Ne4 f5
$13 {Atalik}) 9... Rc8 10. Nxc6 (10. Bb3 Na5 {After the quick Bd7 Rc8 Black
has always threats of Rxc3 and the important e4 P falls.} 11. f3 Nxb3+ 12. axb3
(12. Nxb3 a5 13. Qf2 Rxc3 $5 {This is the typical exchange sacrifice in the
Sicilian. Black corruptes White's P structure and begins an -> on the <<.} 14.
bxc3 a4 15. Nd2 {(E.Mortensen-Greenfeld, Moscow ol 1994)} Qa5 $1 $13 {E.
Mortensen}) 12... O-O (12... a6 {Black doesn't want to hurry with castles.} 13.
g4 b5 14. g5 Nh5 {The N here blockades well the >>.} 15. f4 (15. Rhg1 g6 {
/\ b4, /\ e5} (15... b4 $5)) 15... g6 16. Rhg1 b4 17. Nb1 (17. Na4 $6 Qa5)
17... e5 $5 18. fxe5 dxe5 19. Nf3 Qc7 $13) 13. g4 Bc6 (13... a6 14. g5 Ne8 15.
h4 b5 16. f4 Qa5 17. Kb1 b4 18. Na2 Nc7 19. h5 d5 20. e5 Nb5 $13 {N.
Rogers-Ashley, USA 1994}) 14. g5 Nd7 15. h4 Re8 16. f4 Qa5 17. Kb1 e5 18. Nf5
Bf8 19. fxe5 Rxe5 20. Nxd6 Bxd6 21. Rxd6 Rce8 22. Rf1 Nf8 23. Bf4 R5e7 24. Qd2
$1 $14 {Heindrich-Heinbuch, BRD 1984}) (10. f3 $5 Na5 $142 (10... O-O 11. g4
Nxd4 12. Bxd4 Qa5 13. Bb3 b5 14. e5 dxe5 15. Qxe5 Qc7 16. g5 Nh5 {
(Rogic-Greenfeld, Pardubice 1995 Inf.64/253)} 17. Qxc7 Rxc7 18. Ne4 Bc6 19.
Rhg1 $14 {Greenfeld}) 11. Bd3 {looks logical at first sight to avoid the
exchange of the B immediately.} (11. Bb3 $142 {- 10.Bb3}) 11... a6 $5 {/\} 12.
g4 b5 13. g5 (13. a3 Nc4 (13... Rxc3 $2 14. bxc3 d5 15. e5 $16 {and the white
K escapes.}) (13... g6 $5 {/\ e5}) 14. Bxc4 Rxc4 15. g5 Nh5 16. f4 g6 $13)
13... Nh5 14. f4 g6 $13 {/\ b4, /\ e5, /\ Nf4} (14... b4 $6 15. Nd5 $1 {
This intermediate move is White's main weapon in this line.} (15. Nb1 $6 {
is a sad retreat.} Nxf4 16. Bxf4 e5 $15) (15. Qxh5 bxc3 $13) 15... exd5 (15...
Nxf4 16. Nxf4 (16. Bxf4 $5 exd5 17. exd5 $16) 16... e5 17. Nd5 $5 exd4 18. Bxd4
Bxg5+ 19. Kb1 $40) 16. Qxh5 dxe4 (16... Nc4 17. Bxc4 dxc4 18. f5 (18. e5 $5))
17. Bxe4 Nc4 18. Rhe1 $16)) 10... bxc6 $142 (10... Bxc6 $2 {This opens the d
<-> for the black R.} {Crisper is} 11. e5 $1 (11. Bxa7 $5 {is against the
principles, although it is not bad at all.} Ra8 (11... b6 12. e5 $1 (12. Qe3
Nd7 $1) 12... Nd7 13. exd6 Bg5+ 14. Kb1 Ra8 (14... O-O 15. a4 $5 Bxg2 (15...
Ra8 16. Bb5 $1) 16. Rhg1 Bf3 17. Qxf3 Rxc4 18. Ne4 Bh6 19. b3 Rc8 20. a5 bxa5
21. Be3 Bxe3 22. Qxe3 $40) 15. Bb5 $1 Qc8 (15... Bxb5 16. Nxb5 O-O 17. a4 {
/\ a5+/-}) 16. Bxc6 Qxc6 17. Qb5 Qxb5 18. Nxb5 {/\ a4-a5}) (11... Qa5 12. Bd4
$1 (12. Qe3 $2 b5 (12... Ra8 $5 13. Bb6 Qb4 14. Bd3 Nd7 $1 $17) 13. Bb6 (13.
Bb3 b4 $17) 13... Qa6 14. Bd3 Ng4 15. Qg3 Qxb6 (15... Ne5 $5 16. Bd4 Nxd3+ 17.
Qxd3 Qa8 $5 $13) 16. Qxg4 Bf6 $44) 12... e5 (12... Nxe4 13. Nxe4 Bxe4 14. Qxe4
Rxc4 15. Qxb7 $16 {/\} Qxa2 16. Qb5+ Kd8 17. Rd3 $1) 13. Be3 Nxe4 $6 14. Qg4 $1
$40 (14. Nd5 $14)) 12. Bd4 $1 e5 13. Be3 Nxe4 14. Nd5 $1 $14) 11... Ne4 12.
Nxe4 Bxe4 13. exd6 Bxd6 14. Bxa7 $16) (10... Rxc6 {/\ Qc8, Rc3 Xe4} 11. f3 $142
(11. Bxa7 b6 $1 (11... Qc8 $143 12. Bb5 Rxc3 13. bxc3 (13. Bxd7+ Nxd7 14. bxc3
b6 $15) 13... Qxc3 14. Bxd7+ $1 Nxd7 15. Bd4 Qa3+ 16. Kb1 $1 $16 (16. Bb2 Qxa2
$44)) (11... Qc7 $5 12. Bb5 (12. Nb5 $5 Qa5) 12... Rxc3 13. bxc3 b6 14. e5 $1
dxe5 15. Rxd7 Nxd7 16. Rd1 Qxa7 17. Bxd7+ (17. Rxd7 Qa3+ 18. Kb1 O-O $13) 17...
Kf8 18. Qxe5 $14) 12. Bb5 (12. Nb5 O-O $44) 12... Qc7 13. Bxc6 Bxc6 14. Nb5 (
14. Qa6 Nd7 15. a4 Bb7 16. Qe2 (16. Qb5 Bc8 $1 $13) 16... Bc6 $1 17. Qa6 Bb7
$11) 14... Bxb5 15. Qxb5+ Nd7 16. Qa6 O-O $13) (11. Bb5 Rxc3 $5 12. bxc3 (12.
Bxd7+ Qxd7 13. bxc3 Nxe4 14. Bd4 d5 $44) 12... Nxe4 13. Bd4 d5 14. Bd3 $13)
11... a6 12. g4 b5 13. Bb3 O-O 14. g5 Ne8 15. f4 b4 16. Nb1 a5 17. Nd2 Rc8 18.
h4 $14) 11. g4 (11. f4 Qa5 $13 {/\ 0-0, /\ d5} (11... d5 $6 12. e5 dxc4 (12...
Ng8 13. Ba6 Rb8 {/\ c5, /\ Qa5} 14. Bxa7 $1 Rb4 (14... Ra8 15. Bf2 $14) 15. Be3
c5 (15... Qb8 16. a3 $3 Rxb2 17. Ba7 Rxc2+ (17... Qxa7 18. Kxb2 $16) 18. Kxc2
Qxa7 19. Rb1 $1 $16) 16. a3 Rb6 17. Bb5 $1 Bxb5 (17... d4 18. Bxd7+ Qxd7 19.
Ne4 $16) 18. Nxb5 Qb8 19. a4 $16) 13. exf6 Bxf6 14. Qxc4 $16 (14. Ne4 $5)))
11... O-O (11... d5 $5 12. g5 (12. Ba6 Rb8 13. exd5 (13. e5 Ng8 $13 {/\ c5})
13... Nxd5 $1 (13... cxd5 14. g5 Ng8 15. f4 {/\ Bd4}) 14. Ne4 $5 (14. Nxd5 cxd5
15. Bxa7 $6 (15. Bd4 $11) 15... Ra8 16. Bd4 Qa5 $13) (14. Bd4 Qa5 $1 $13 {
/\ Bg5}) 14... O-O $5 (14... Qa5 15. Bc4 $13 {/\} Qb4 $6 (15... Nxe3 16. Qxe3
Qb4 17. Bb3) 16. c3) 15. Bc4 $1 $13) (12. exd5 cxd5 $1 {/\} 13. Ba6 Rxc3 14.
bxc3 Ne4 $44) (12. Bd3 $5 e5 $13) 12... Nxe4 $1 (12... Ng8 13. Ba6 Rb8 14. exd5
cxd5 15. f4 {/\ Bd4}) 13. Nxe4 dxe4 14. Rd4 (14. Rd2 Rc7 $13) 14... c5 $1 15.
Rxd7 (15. Rxe4 Bc6) 15... Kxd7 $1 16. Rd1+ Bd6 17. Bf4 Rc6) 12. g5 Ne8 13. h4
d5 14. Bb3 Bb4 $1 15. h5 (15. Na4 Qa5 $1 (15... c5 16. exd5 $1 (16. c3 c4 $1
17. Bc2 Be7 18. exd5 Qa5 $44) (16. a3 Bxa3 $1 (16... c4 $6 17. axb4 cxb3 18.
Nc5 bxc2 19. Qxc2 $14) 17. exd5 $1 (17. bxa3 c4 $15) 17... c4 $1 (17... exd5
18. Rxd5 c4 19. Bxc4 $16) 18. Bxc4 (18. dxe6 cxb3 $1 19. Rxd7 Qa5 {~~/-/+ /\}
20. Rxa7 (20. bxa3 Qxa4 21. Rxa7 Qe4 $19) 20... Qd5) 18... Bxa4 19. bxa3 (19.
dxe6 Nd6) 19... Nd6 20. Bd3 exd5 $15) 16... c4 (16... exd5 $6 17. Rxd5 $16 (17.
a3 $5)) 17. Bxc4 (17. dxe6 $2 cxb3 18. Rxd7 bxa2 $19) 17... Bxa4 18. dxe6 Qc7
19. exf7+ Rxf7 (19... Kh8 20. fxe8=Q Rfxe8 21. Bb3 Bxb3 22. axb3 $16) 20. Rd4
$1 Bc6 21. Rhd1 $14) 16. a3 Be7 (16... c5 $2 17. axb4 cxb4 18. Nc5 $16) 17. Qd2
Qxd2+ 18. Rxd2 c5 19. c3 (19. exd5 exd5 $1 $13 (19... c4 20. dxe6 Bxe6 21. Ba2
$13 c3 $6 22. Nxc3 Rxc3 23. Bxe6 Rxe3 24. Bxf7+ Rxf7 25. fxe3 Bc5 $14)) 19...
d4 $1) (15. Qd3 Nd6 $1 (15... Qa5 16. a3 (16. Bd2 $5) 16... Bxc3 17. Qxc3 Qxc3
18. bxc3 $14 {/\} c5 $6 19. exd5 (19. Bc4 $5 $16) 19... c4 20. dxe6 Bxe6 21.
Ba4 $16) 16. f3 (16. e5 Nb7 $40) 16... c5 $1 $17) 15... Bxc3 16. bxc3 Nd6 17.
h6 $1 g6 18. f3 (18. exd5 cxd5) 18... c5 19. Qh2 (19. exd5 $1 c4 20. dxe6 cxb3
(20... Bxe6 21. Bf4 $16) 21. Rxd6 bxa2 $8 (21... Qc7 22. Rxd7 $1 Qxc3 (22...
bxa2 23. Rxc7 a1=Q+ 24. Kd2 Qxh1 (24... Rfd8+ 25. Bd4 Rxd4+ 26. Ke3 $18) 25.
exf7+ $18) 23. Bd4 $18) 22. Kd2 $1 Qc7 $1 (22... Bxe6 23. Rxd8 Rfxd8+ 24. Bd4
$18) (22... Qa5 23. Qd3 $1 Bxe6 $1 (23... a1=Q 24. Rxa1 Qxa1) 24. Ra1 $1 $132 (
24. Qd4 f6 25. gxf6 a1=Q 26. Rxa1 Qxa1 27. Rxe6 Rfd8 $1 (27... Rcd8 $2 28. Rd6
(28. f7+ $6 Kxf7 29. Re7+ Kxe7 30. Bg5+ Ke6 31. Bxd8 $15) 28... Rxd6 29. Qxd6
$40) 28. Re8+ Rxe8 29. Qd5+ Kh8 $1 (29... Kf8 30. Qd6+ Kf7 $2 31. Qd7+ Kxf6 32.
Bd4+ Kg5 33. Qg4+ Kxh6 34. Qh4#) 30. Qd4 Qxc3+ $1 (30... Kg8 $11) 31. Qxc3 Rxc3
$19)) 23. Qd3 Bxe6 $13) 19... Qb6 $1 20. exd5 (20. Qe5 f6 21. gxf6 Nf7 22. Qg3
Qa5 $1 23. c4 (23. exd5 c4 24. dxe6 Bxe6 $40) 23... d4 24. Bd2 Qa3+ 25. Kb1 a5
$40) 20... Nf5 21. Bf2 Qa5 22. c4 (22. dxe6 Bxe6 $17) 22... Qa3+ 23. Kb1 a5 $17
24. Rhe1 a4 25. dxe6 Bxe6 26. Rxe6 axb3 27. cxb3 fxe6 28. Qe5 Qa7 29. Qxe6+ Qf7
30. Qxf7+ Kxf7 31. Rd5 0-1

[Event "RUS-chT 05th"]
[Site "Maikop"]
[Date "1998.06.03"]
[Round "1"]
[White "Fedorov, Alexei"]
[Black "Kobalia, Mihail"]
[Result "1-0"]
[WhiteElo "2595"]
[BlackElo "2500"]
[Annotator "Lukacs,P"]
[PlyCount "47"]
[EventDate "1998.06.03"]
[EventType "team-tourn"]
[EventRounds "11"]
[EventCountry "RUS"]
[SourceTitle "CBM 066"]
[Source "ChessBase"]
[SourceDate "1998.09.30"]
[SourceVersion "1"]
[SourceVersionDate "1998.09.30"]
[SourceQuality "1"]
[WhiteTeam "Maykop Universitet"]
[BlackTeam "Moscow Apiko-Yakimanka"]
[WhiteTeamCountry "RUS"]
[BlackTeamCountry "RUS"]

1. e4 c5 2. Nf3 d6 3. d4 cxd4 4. Nxd4 Nf6 5. Nc3 Nc6 6. Bc4 e6 7. Be3 a6 8. Qe2
Qc7 9. O-O-O Be7 10. Bb3 O-O 11. Rhg1 Nd7 12. g4 Nc5 13. Nf5 {choosing this
line against Fedorov is a play with the fire. His excellent tactical abilities,
faith in his pet lines and theoretical knowledge make him extremely dangerous
in these types of positions.} b5 (13... Nxb3+ 14. axb3 b5 15. Nxe7+ Nxe7 16.
Qd3 {and White switches back to positional plans exploiting the weakness on d6.
} b4 17. Na4 d5 18. Bc5 dxe4 19. Qg3 e5 20. Bd6 Qa7 21. Qxe5 Be6 22. Nc5 $16 {
Ulibin-Yermolinsky, Simferopol 1988}) 14. Bd5 Bb7 15. g5 Rfc8 ({On} 15... b4 {
follows naturally} 16. Qh5) 16. Rg3 b4 {[#]} (16... Ne5 17. Bxb7 Nxb7 (17...
Qxb7 $5) 18. Nxe7+ Qxe7 19. Bd4 b4 20. Na4 Nc4 21. b3 Na3 {(Sion-Shirov, Leon
1995)} 22. Rd2 $14) (16... Bf8 {deserves attention.}) 17. Nxg7 $1 {This
beautiful sacrifice is not easy at all, White has to find some brilliant moves
later in order to continue the ->.} (17. Rh3 g6 18. Bxc6 Bxc6 19. Nh6+ Kg7 20.
Qf3 Be8 21. Ng4 bxc3 22. Nf6 Bxf6 23. gxf6+ Kg8 $19 {was an unsucsessful
attempt for the black player in this game to decide the game with an ->,
Kobalia-Prokopchuk, Kolontaevo 1997. He probably thought that if it doesn't
work with White, it will be good for Black!}) 17... Kxg7 (17... bxc3 18. Qh5 $1
) 18. Qh5 Rg8 {[#]} (18... Rh8 19. Qh6+ Kg8 20. Bxe6 $1 Bf8 {[#]} (20... bxc3
21. g6 $1 $18) (20... Nxe6 21. Nd5 $18) 21. g6 $3 Bxh6 22. gxf7+ Kf8 23. Bxh6+
Ke7 24. Nd5+ Kxe6 25. Nxc7+ $18) 19. Bxe6 $3 {The second brilliant move!} bxc3
(19... fxe6 20. g6 $18) (19... Nxe6 $142 20. Nd5 Qa5 21. f4 {with a strong ->
on the >>.}) 20. Bxf7 $1 $18 Qa5 21. Rh3 $1 (21. g6 $4 Nb3+ $19) 21... Kf8 22.
Rf3 $1 Ne5 23. Bd5+ Kg7 24. Rf7+ 1-0

[Event "Olympiad-31"]
[Site "Moscow"]
[Date "1994.12.03"]
[Round "3.3"]
[White "Kveinys, Aloyzas"]
[Black "Popovic, Petar"]
[Result "1/2-1/2"]
[WhiteElo "2510"]
[BlackElo "2530"]
[Annotator "Lysenko"]
[PlyCount "89"]
[EventDate "1994.12.01"]
[EventType "team-swiss"]
[EventRounds "14"]
[EventCountry "RUS"]
[SourceTitle "CBM 045"]
[Source "ChessBase"]
[SourceDate "1995.04.01"]
[SourceVersion "1"]
[SourceVersionDate "1995.04.01"]
[SourceQuality "1"]
[WhiteTeam "Lithuania"]
[BlackTeam "Serbia & Montenegro"]
[WhiteTeamCountry "LTU"]
[BlackTeamCountry "YUG"]

1. e4 c5 2. Nf3 d6 3. d4 cxd4 4. Nxd4 Nf6 5. Nc3 Nc6 6. Bc4 e6 7. Be3 a6 8. Qe2
Qc7 9. O-O-O Na5 (9... Be7 10. Bb3 Na5 11. g4 b5 12. g5 Nxb3+ 13. axb3 Nd7 14.
h4 b4 15. Na4 Nc5 16. h5 Bd7 17. Kb1 Bxa4 18. bxa4 Qb7 19. g6 Bf6 20. f3 Rc8
21. b3 $14 {Wolff,P-Gurevich,D/New York(op)/1994/1:0/52/}) 10. Bb3 b5 11. f3
Be7 12. g4 b4 $5 (12... O-O 13. g5 $36 {Tal,M-Gipslis,A/Riga/1981/1:0/41/}) (
12... Nxb3+ $5 13. axb3 $132 {Wedberg,T-Shamkovich,L/Reykjavik/1982/0:1/44/})
13. Na4 Nd7 14. h4 Nc5 $6 (14... Nxb3+ 15. axb3 Nc5 16. Qc4 Bd7 17. Qxb4 d5 $36
) 15. Nxc5 dxc5 16. Ba4+ $1 Kf8 $8 17. Nb3 $1 Nxb3+ 18. axb3 h5 $5 (18... e5
19. g5 Be6 20. h5 c4 21. Kb1 $16) 19. g5 g6 20. Qf2 Kg7 21. Rd2 Rf8 22. Rhd1
Ra7 23. f4 Kh7 24. Kb1 Rb7 25. e5 Qb6 26. Rd6 $1 Bxd6 27. Rxd6 (27. exd6 Bd7
28. Bxc5 Qa5 29. Bxd7 Rxd7 30. Qd4 Rb7 $14) 27... Qc7 28. Bxc5 Rd8 29. Qd4 Bd7
30. Bxb4 (30. Bb6 $5 Rxb6 31. Qxb6 Qxb6 32. Rxb6 Bxa4 33. bxa4 Rd4 34. Rxa6
Rxf4 35. Rb6 Rxh4 36. a5 Re4 37. Rb5 h4 38. a6 h3 39. a7 h2 40. a8=Q h1=Q+ 41.
Ka2 Qe1 42. Qf8 $16) 30... Bxa4 31. Rxd8 Bxb3 32. cxb3 $6 (32. Bc3 Ba4 (32...
Bd5 $2 33. Rxd5 exd5 34. e6 $18) 33. f5 $36) 32... Rxb4 $1 33. Qd2 Qb7 34. Rd7
Qe4+ 35. Ka2 Kg7 36. Rd8 Rb5 37. Rd4 Qf3 38. Qc3 Qb7 39. Qd3 Qb6 40. Ra4 Qc6
41. Qc4 Qb6 42. Qd4 Qb7 $10 43. Qe4 Qb6 44. Qd4 Qb7 45. Qe4 1/2-1/2

[Event "EU-Cup 21st"]
[Site "Saint Vincent"]
[Date "2005.09.24"]
[Round "7.2"]
[White "Naiditsch, Arkadij"]
[Black "Mamedov, Rauf"]
[Result "1/2-1/2"]
[WhiteElo "2612"]
[BlackElo "2521"]
[Annotator "Mueller,Karsten"]
[PlyCount "108"]
[EventDate "2005.09.18"]
[EventType "team-swiss"]
[EventRounds "7"]
[EventCountry "ITA"]
[SourceTitle "CBM 110"]
[Source "ChessBase"]
[SourceDate "2006.01.31"]
[SourceVersion "1"]
[SourceVersionDate "2006.01.31"]
[SourceQuality "1"]
[WhiteTeam "Eynatten"]
[BlackTeam "Istanbul"]
[WhiteTeamCountry "BEL"]
[BlackTeamCountry "TUR"]

1. e4 c5 2. Nf3 d6 3. Nc3 Nf6 4. Bc4 Nc6 5. d4 cxd4 6. Nxd4 e6 7. Be3 Be7 8.
Qe2 O-O 9. O-O-O a6 10. Bb3 Qc7 11. Kb1 b5 12. g4 b4 13. Nxc6 Qxc6 14. Nd5 Nxd5
15. exd5 Qc7 16. dxe6 Bxe6 17. f4 Bxb3 18. axb3 a5 19. Qb5 Rfc8 20. Rc1 Bf6 21.
Rhe1 g6 22. Re2 Rcb8 23. Qa4 d5 24. Rce1 d4 25. Bc1 d3 26. cxd3 Qd6 27. Re3 Kg7
28. g5 Bd8 29. Ka2 Rc8 30. Re4 Qxd3 31. Re8 Rc2 32. f5 gxf5 33. Bf4 Rxb2+ 34.
Ka1 Bc7 35. Qc6 Rb1+ 36. Rxb1 Qd4+ 37. Ka2 Rxe8 38. Qf6+ Qxf6 39. gxf6+ Kxf6
40. Bxc7 Ra8 41. Rd1 a4 42. Bf4 axb3+ 43. Kxb3 Re8 44. Rd6+ Re6 45. Kxb4 Rxd6
46. Bxd6 Kg5 {und im Folgenden steuert alles auf das hübsche Pattfinale zu:}
47. Kc4 Kg4 48. Kd4 f4 49. Ke4 f5+ 50. Kd3 h5 51. Ke2 f3+ 52. Kf2 h4 53. Bc7
Kh3 54. Kxf3 f4 (54... f4 55. Bxf4 {patt} (55. Kxf4 Kxh2 $11)) 1/2-1/2

[Event "RUS-Cup01 Chigorin Memorial"]
[Site "St Petersburg"]
[Date "1996.??.??"]
[Round "3"]
[White "Yudasin, Leonid"]
[Black "Sher, Miron Naumovich"]
[Result "1-0"]
[WhiteElo "2595"]
[BlackElo "2475"]
[Annotator "Notkin,M"]
[PlyCount "61"]
[EventDate "1996.11.??"]
[EventType "swiss"]
[EventRounds "9"]
[EventCountry "RUS"]
[SourceTitle "CBM 056 Extra"]
[Source "ChessBase"]
[SourceDate "1997.03.01"]
[SourceVersion "1"]
[SourceVersionDate "1997.03.01"]
[SourceQuality "1"]

1. e4 c5 2. Nf3 d6 3. d4 Nf6 4. Nc3 cxd4 5. Nxd4 Nc6 6. Bc4 e6 7. Be3 a6 8. Qe2
Be7 9. O-O-O O-O 10. Rhg1 Qc7 11. Bb3 Nd7 12. g4 Nc5 13. Nf5 Rd8 (13... b5 14.
Nxe7+ (14. Bd5 $5 Bb7 15. g5 Rfc8 (15... exf5 16. g6 hxg6 17. Rxg6 Ne5 18.
Rxg7+ $1 Kxg7 19. Rg1+ Ng6 20. exf5 $16 {Sokolov,A-Salov,V/Nikolaev/1983/1:0/
30/}) 16. Rg3 Ne5 17. Bxb7 Nxb7 18. Nxe7+ Qxe7 $13 {Sion Castro,M-Shirov,A/
Leon/1995/0:1/33/}) 14... Qxe7 15. g5 $1 Bb7 16. f3 Rac8 17. Kb1 Rc7 $13 {
Rytshagov,M-Shirov,A/URS/1990/0,5/22/}) (13... Nxb3+ 14. axb3 b5 15. Nxe7+ Nxe7
16. Qd3 d5 17. exd5 Nxd5 18. Nxd5 exd5 19. f4 Bb7 20. Rg3 Qe7 21. Bd4 Rfe8 22.
f5 {Nijboer,F-Cebalo,M/Luzern/1989/0,5/22/}) 14. Nxe7+ Qxe7 (14... Nxe7 $5 15.
g5 b5 $13) 15. g5 b5 16. Qh5 Bb7 $2 (16... b4 17. Na4 Nxe4 18. f3 (18. Nb6 Rb8
19. Nxc8 Rbxc8 20. Rg4 f5 21. Rh4 g6 $13) 18... Nc5 19. Nxc5 dxc5 20. Rxd8+
Qxd8 (20... Nxd8 21. Rg3 e5 22. g6 $18) 21. Rg4 g6 22. Qh6 Qf8 23. Qxf8+ Kxf8
24. Bxc5+ $16) (16... Rb8 $1 17. Rg3 g6 18. Qh6 Qf8 19. Qh4 a5 $132) 17. Rg3 g6
18. Qh6 Qf8 19. Qh4 Qe7 (19... Rac8 20. Rh3 Qg7 21. f4 $40 {/\f5-f6/}) 20. Rh3
h5 21. gxh6 Qxh4 22. Rxh4 Nxb3+ (22... Kh7 23. Bg5 Rd7 24. Bf6 b4 25. Ne2 Ne5 (
25... Na5 26. f3 {/\Ng1-h3-g5/}) 26. Ng1 $1 g5 $1 $8 27. Bxg5 Nxe4 28. Be3 $16)
23. axb3 f6 24. Rh3 $1 Rd7 $2 (24... Ne5 25. f3 $16) 25. Bc5 Ne5 (25... Rad8
26. Bb6 Rc8 27. Rhd3 b4 28. Na4 Ne5 29. Rd4) 26. Rxd6 Rxd6 27. Bxd6 Nf7 28. Be7
Ng5 (28... f5 29. h7+ Kg7 30. e5 $1 Nxe5 31. h8=Q+ Rxh8 32. Rxh8 Kxh8 (32...
Nc6 33. Rd8 $1 Nxe7 34. Rd7) 33. Bf6+ $18) 29. Rd3 Nxe4 30. Rd7 Nxc3 31. Bxf6
$1 1-0

[Event "Olympiad-36"]
[Site "Mallorca"]
[Date "2004.10.25"]
[Round "10"]
[White "Pelletier, Yannick"]
[Black "Smirin, Ilia"]
[Result "1/2-1/2"]
[WhiteElo "2589"]
[BlackElo "2673"]
[Annotator "Pelletier,Y"]
[PlyCount "74"]
[EventDate "2004.10.15"]
[EventType "team-swiss"]
[EventRounds "14"]
[EventCountry "ESP"]
[SourceTitle "CBM 104"]
[Source "ChessBase"]
[SourceDate "2005.01.27"]
[SourceVersion "1"]
[SourceVersionDate "2005.01.27"]
[SourceQuality "1"]
[WhiteTeam "Switzerland"]
[BlackTeam "Israel"]
[WhiteTeamCountry "SUI"]
[BlackTeamCountry "ISR"]

1. e4 c5 2. Nf3 d6 3. d4 cxd4 4. Nxd4 Nf6 5. Nc3 a6 6. Bc4 e6 7. Bb3 Nc6 8. Be3
Be7 9. Qe2 O-O 10. O-O-O Qc7 11. Rhg1 b5 12. g4 b4 13. Nd5 exd5 14. Nxc6 Qxc6
15. g5 Nxe4 16. Bxd5 Qa4 {Die vorigen Züge habe ich nicht kommentiert, da sie
alle "von der Theorie gut bekannt sind". Dies war zumindest die Aussage meines
Gegners nach der Partie! Ich hatte leider keine Ahnung davon, wobei ich mich
längst schon in der Improvisation-Phase befand. Nach langem Überlegen
entschied ich mich für die materialistische Lösung, da ich dachte, besser zu
stehen.} 17. Bxa8 $5 ({Die Alternative} 17. Bxe4 {erschien mir völlig unklar
nach} Be6 (17... b3 18. Rd4 $18) (17... Rb8 18. Bd4 Re8 19. Bxh7+ Kxh7 20. Qh5+
Kg8 21. g6 $18) 18. Bd4 (18. Bxh7+ Kxh7 19. Qh5+ Kg8 20. g6 fxg6 21. Qxg6 Bf6
$19) 18... g6 $13) 17... Nc3 18. bxc3 Qa3+ (18... bxc3 $2 19. Rd4 Qxa2 20. Kd1
Be6 (20... Bf5 21. Be4 $18) (20... d5 21. Bxd5 Qb1+ 22. Bc1 Ba3 23. Qe3 Bf5 24.
Be4 Bxe4 25. Rxe4 Rd8+ 26. Ke2 $18) 21. Be4 Rb8 (21... d5 $2 22. Bxh7+) 22. Bc1
Rb1 23. Qe3 d5 24. Bd3 Bc5 25. Ke2 $16) ({Möglich und vielleicht besser könnte
} 18... Be6 $5 {sein:} 19. Bd4 (19. Bd5 Bxd5 20. Rxd5 Qxa2) (19. c4 Rxa8 {xa2})
19... bxc3 (19... Rxa8) 20. Bxc3 Rxa8 21. g6 $1 hxg6 22. Rxg6 Qf4+ 23. Rd2 fxg6
24. Qxe6+ Qf7 $13) 19. Kb1 (19. Kd2 Qxc3+ 20. Kc1 Qa1+ 21. Kd2 $11) 19... Be6 (
19... bxc3 $2 20. Bc1 Qb4+ 21. Ka1 Be6 22. Qe4 $18) 20. c4 (20. Bd5 Bxd5 21. c4
Be6 22. Bc1 Qa5 23. Bb2 Qf5 (23... Rc8 $2 24. g6 $1 $18) 24. Bf6 Bxf6 25. gxf6
Qxf6 26. Rxd6 $14) 20... Rxa8 21. Bc1 ({Ich wollte zuerst den logischen} 21.
Bd4 {ziehen, entschied mich aber für die Alternative. Nach} Qh3 (21... Rc8 22.
g6 $1 Bxc4 23. gxh7+ $18) 22. Rg3 Qf5 23. Qd3 $14 {kann nur Weiß Vorteil
behaupten.}) 21... Qc3 22. f4 (22. Bf4 $2 Bxc4 $1 23. Qe4 (23. Qxe7 $2 Bxa2+
24. Kxa2 Qxc2+ 25. Ka1 b3 $19) 23... d5 $17) 22... g6 (22... Rc8 23. Bb2 Qxc4
24. Qxc4 Rxc4 25. Rd4 $1 $16) 23. Bb2 Qxc4 24. Qxc4 Bxc4 25. Rd4 ({Um die
Überfühfung des Bc4 nach f5 zu verhindern:} 25. Rge1 Be6 $44 {/\ Bf8-Bf5})
25... d5 26. Rd2 ({Logischer sieht} 26. Re1 {aus, aber ich träumte von
Aktionen auf der h-Linie. Dazu ist der Rd4 nach} Bd6 {[%csl Rd4] an die
Verteidigung von f4 etwas gebunden.}) 26... Bd6 27. Be5 Bc5 (27... Bxe5 28.
fxe5 Re8 29. Re1 h6 30. h4 Kg7 31. Rf2 hxg5 32. hxg5 $14 Rh8 $140 33. e6) 28.
Bd4 ({Nach} 28. Rg3 Re8 29. h4 a5 30. h5 a4 31. Rh2 Re7 $132 {passiert eben
nicht viel auf der h-Linie.}) 28... Bxd4 $5 29. Rxd4 Re8 {[%csl Rb1][%cal
Ge8e3,Ga6a3] Der schwarze Turm beherrscht die einzige offene Linie, wobei Weiß
dagegen nichts machen. Die Stellung liegt im dynamischen Gleichgewicht.} 30.
Rg3 $1 Re1+ 31. Kb2 Rf1 32. Re3 Kf8 33. h4 a5 34. a4 Rf2 35. Kc1 Rf1+ 36. Kb2
Rf2 37. Kc1 Rf1+ 1/2-1/2